000 00841nam a2200181 i 4500
001 162099
003 ES-MaACL
005 20250814220504.0
008 931025s1894 sp |||| | spa d
100 1 _aPidal y Mon, Alejandro,
_d1846-1913
_991890
245 1 0 _aDiscurso del Sr. D. Alejandro Pidal y Mon en la velada que en honor del Cardenal González celebró el Ateneo de Madrid la noche del lunes 10 de diciembre de 1894.
260 _aMadrid :
_b[s.n.],
_c1894 (
_fImp., Fund. y Fáb. de tintas de los Hijos de J.A. Garcia)
300 _a27 p. ;
_c20 cm.
600 1 7 _aGonzález y Díaz Tuñón, Ceferino,
_d1831-1894
_2
_9149958
610 2 4 _aAteneo de Madrid-
_vConferencias-
_yS.XIX.
_91910
852 _aES-MaACL
_jT-871-F-1
_z- Enc. hol., conservando cub. original
_z- Enc. en un vol. facticio
999 _c162099
_d162099